00826naa#a2200181#i#4500001002200000005001700022011001400039100004100053102000700094200017100101210005100272215001100323608002700334675015900361686007400520700003600594856001400630EN\INFRA-M\bibl\9144320260511094119.1##a2587-6295##a20241230b2024####ek#y0engy0150####ca##aRU1#aOn the way from personalism to institutionalization: the transformation of personal power political regimes in Belarus, Turkmenistan and UzbekistaneJournal article1#aMoscowcINFRA-M Academic Publishing LLC.d2024##a11 с.##aJournal article2local##aПолитика. 32aФормы политической организации. Государство как политическая власть. 321##aПОЛИТИКА И ПОЛИТИЧЕСКИЕ НАУКИ. 11.002grnti#1aBorisovgNikolai Aleksandrovich4#azh-szf.ru